| 000 | 00536nam a22001817a 4500 | ||
|---|---|---|---|
| 003 | CEME | ||
| 005 | 20210628203505.0 | ||
| 008 | 210121b xxu||||| |||| 00| 0 eng d | ||
| 020 | _a97807879-94594 | ||
| 040 | _c. | ||
| 082 | _a658.4063 AXE | ||
| 100 |
_aAxelrod, Alan _965784 |
||
| 245 | _aEdison on innovation, 102 lessons in creativity for business and beyond | ||
| 260 |
_aUSA _bJOSSEY BASS _c2008 |
||
| 300 | _aXII,178P | ||
| 650 |
_aTECHNOLOGICAL INNOVATIONS.CREATIVE ABILITY IN BUSINESS.MANAGEMENT _965785 |
||
| 942 |
_cBK _2ddc |
||
| 999 |
_c573894 _d573894 |
||